00959nam a2200229 a 450000100100000000500170001000800410002702000180006804000250008608200130011110000290012424500780015326001540023130000210038549000220040650000700042850400320049870000420053083000290057295201110060199900170071200004242120201002040138.0131129s2002 sp 000 0 spa d a9788483470862 aDO-SdBNPbspacBNPHU axxxbxxx1 aMuvdi, Elías E.96955010aApuntes de Lenguaje /cElías E. Muvdi ; prólogo Daniel Samper Pizano. aMadrid :bAgencia Española de Cooperación Internacional para el Desarrollo,bDirección General de Relaciones Culturales y Científicas,c2002. a354 p. ;c19 cm.1 aEspañol urgente aIncluye datos biográficos del autor en la solapa de la cubierta aBibliografía : p. 321-34112aSamper Pizano, Danielepról.935474 0aEspañol urgente969551 001050718MOaGRbGRcCTd2013-11-29iLF1l0oxxx xxxp42421-10r2020-06-25w2020-06-25y1ZNo se presta c41910d41910